000 00679cab a2200229 4500
001 ABS44300
008 090401t1991 xxu||||| |||| 00| 0 eng d
035 _a(Sirsi) u46450
041 _aeng
100 _aDoyle, N.
245 _aTeam efforts
260 _c1991
350 _a0
490 _aNew Builder
_v(70) 21 February 1991, 16-17(2)
520 _aConsiders how UK contractors and consultants are staking their claims to an estimated £51,000m worth of work in Kuwait . Gives a list of useful phone numbers.
650 _aGULF
650 _aMIDDLE EAST
650 _aRECONSTRUCTION
690 _aOVERSEAS-REST OF THE WORLD
942 _n0
948 _c04/03/1997
999 _c29390
_d29390